000 00593nam a2200193Ia 4500
003 OSt
005 20251219093956.0
008 210210b2012 xxu||||| |||| 00| 0 eng d
040 _cAL
041 _aKannada
082 _aK894.4 BALH
100 _aBALAGANGADHARA (S N)
_971494
_dಬಾಲಗಂಗಾಧರ (ಎಸ್ ಎನ್)
245 _aHuuukatavannu nillisadirona
_bಹುಡುಕಾಟವನ್ನು ನಿಲ್ಲಿಸದಿರೋಣ
260 _aSagara
_bAkshara Prakashana
_c2012
300 _a155
690 _aKannada Prose
_971495
906 _a067309
942 _2ddc
_cBK
999 _c149710
_d149710